| 000 | 00632nam a22001937a 4500 | ||
|---|---|---|---|
| 003 | OSt | ||
| 005 | 20251201100805.0 | ||
| 008 | 251103b |||||||| |||| 00| 0 eng d | ||
| 020 | _a978-971-3504-2 | ||
| 040 |
_aDWCL - Main Lib _cOC |
||
| 082 | _aFil. 899.21032 E37 2020 | ||
| 100 |
_aGuerrero, Leon Ma. _eTranslator |
||
| 245 |
_aEl Filibustertismo / _cLeon Ma. Guerrero |
||
| 260 |
_aMandaluyong City, Philippines: _bAnvil Publishing, Inc., _cc2020. |
||
| 300 |
_a234 pages; _c18cm. |
||
| 650 | _a1. Rizal, Jose Alonso, 1861-1896. | ||
| 650 | _a2. El Filibusterismo - Translation into English | ||
| 942 |
_2ddc _cBK - FIL _mFil. _n0 |
||
| 999 |
_c5375 _d5375 |
||